00388nam a22001337a 450000500170000000800410001704100130005808200130007110000130008424500460009726000520014330000330019565000260022820240422133252.0240422b |||||||| |||| 00| 0 eng d aEnglish  a349 LAW  lEnglish  aThe Law Reports : Queen's Bench Division  aLondon : bWilliam Clowes and Sons Ltd, c1894  bxxxi ; 879 pages ; c25 cm.  aLegal practice bLaw